| 000 | 01266pam a2200313 i 4500 | ||
|---|---|---|---|
| 001 | 016328526 | ||
| 003 | OSt | ||
| 005 | 20140116153415.0 | ||
| 008 | 130425t2013 xxkadk frb 001 0 eng d | ||
| 010 | _a2013934279 | ||
| 020 | _a9780857936783 (cased) | ||
| 020 | _z9780857936790 (ebook) | ||
| 040 |
_aStDuBDS _beng _cStDuBDS _dUk _erda |
||
| 082 | 0 | 4 |
_a658.0072 _222 _bHAN |
| 245 | 0 | 0 |
_aHandbook of longitudinal research methods in organisation and business studies / _cedited by Melanie E. Hassett and Eriikka Paavilainen-Mäntymäki. |
| 260 |
_aCheltenham, United Kingdom ; _aNorthampton, United States : _bEdward Elgar, _cc.2013 _e(Padstow, United Kingdom : _fT. J. International Ltd.) |
||
| 300 |
_axi, 362 p. : _bchart, forms, tables ; _c24 cm. |
||
| 500 | _aIndex : p. 351-362. | ||
| 504 | _aIncludes bibliographical references. | ||
| 530 | _aAlso available online. | ||
| 650 | 0 |
_aBusiness enterprises _xLongitudinal studies _934842 |
|
| 650 | 0 |
_aOrganization _xLongitudinal studies _934843 |
|
| 653 |
_bBus _cJanuary2014 |
||
| 655 |
_vreading book _934232 |
||
| 690 | 7 |
_aManagement and Business Studies _2blcoll |
|
| 700 | 1 |
_aHassett, Mélanie E. _eeditor. _934844 |
|
| 700 | 1 |
_aPaavilainen-Mäntymäki, Eriikka _eeditor. _934845 |
|
| 942 |
_2ddc _k658.0072 HAN |
||
| 999 |
_c17922 _d17894 |
||